000 01272nam a2200325 a 4500
001 21169
003 VRT
005 20260223145343.0
008 060711s1954 xo slo c
035 _aUKB000298113
039 9 _a201703241436
_bpecivova
_c201703241434
_dpecivova
040 _aBAA001
_bslo
_cBAA001
_eAACR2
041 1 _aslo
044 _acs
_cCS
100 1 _aŠtúr, Ľudovít,
_d1815-1856
245 0 0 _aDielo v piatich zväzkoch
_nZväzok 1.
_pPolitické state a prejavy
_cĽudovít Štúr ; Edične pripravil a bibliograf. poznámkami a pozn. k úpr. text dopl. : Jozef Ambruš ; Vysvetl. vyprac. : Ján V. Ormis ; Úvod štúd. nap. : Juraj Špitzer
246 3 0 _aPolitické state a prejavy
260 _aBratislava
_bSlovenské vydavateľstvo krásnej literatúry
_c1954
300 _a431 s.
700 1 _aAmbruš, Jozef
_4edt
_4cwt
700 1 _aŠpitzer, Juraj
_4aui
700 1 _aOrmis, V.
_4oth
910 _aukb
942 _2ddc
_cKLDO
_n0
949 _61800142703
_a20.D.03976
_bK.2474-59
_q29.1.2016 popísaná ceruzou
_r29.1.2016 popísaná ceruzou
949 _61800150428
_a20.D.03976
_bK.7334-57
949 _61800184466
_a20.D.03976
_bK.2470-59
949 _61800306237
_a20.D.03976
_bK.2471-59
949 _61800697851
_aS.D.05479
_bPV.1918-54
999 _c21169
_d21169